000 00380nam a2200169Ia 4500
003 0STCL
008 150530s9999 xx 000 0 und d
040 _aSTCL
_cSTCL
100 _aJohn C V
245 _aRajuvum Leelayum Doctorum
260 _bDC Books; Kottayam
_c1976
300 _a0
546 _aMalayalam
942 _2ddc
_cBK
999 _c40317
_d40317
005 20220125170516.0